Spokojnosť manažéra so sebou zvyšuje šance na úspech firmy
Psychológovia a psychiatri zdôrazňujú význam relaxácie manažérov. V zhone nie sú schopní ani ochotní rozoznať silné a slabé stránky u seba ani firmy. Najmä v období transformácie podliehajú rôznym tlakom. Ak manažér dokáže nájsť samého seba, dokáže aj firme ponúknuť optimálnu základnú stratégiu. Exi...
Guardado en:
| Autor principal: | |
|---|---|
| Formato: | Capítulo de libro |
| Lenguaje: | eslovaco |
| Materias: | |
| Etiquetas: |
Sin Etiquetas, Sea el primero en etiquetar este registro!
|
MARC
| LEADER | 00000naa a2200000 4500 | ||
|---|---|---|---|
| 001 | r042264 | ||
| 005 | 20230921111550.5 | ||
| 041 | 0 | |a slo | |
| 044 | |a SK | ||
| 245 | 1 | 0 | |a Spokojnosť manažéra so sebou zvyšuje šance na úspech firmy |c Katarína Začková |
| 520 | |a Psychológovia a psychiatri zdôrazňujú význam relaxácie manažérov. V zhone nie sú schopní ani ochotní rozoznať silné a slabé stránky u seba ani firmy. Najmä v období transformácie podliehajú rôznym tlakom. Ak manažér dokáže nájsť samého seba, dokáže aj firme ponúknuť optimálnu základnú stratégiu. Existencia poradenstva pre manažérov, podnikateľov, ako aj tvorivých pracovníkov. Význam zdravého životného štýlu. | ||
| 610 | 2 | 0 | |a manažéri |
| 610 | 2 | 0 | |a relaxácia |
| 610 | 2 | 0 | |a oddych |
| 610 | 2 | 0 | |a štýl životný |
| 610 | 2 | 0 | |a stratégia podniková |
| 610 | 2 | 0 | |a poradenstvo |
| 610 | 2 | 0 | |a synergia |
| 610 | 2 | 0 | |a úspech pracovný |
| 610 | 2 | 0 | |a firmy |
| 100 | 1 | |a Začková, Katarína | |